000 00524nam a2200181Ia 4500
005 20250326124843.0
008 250326s9999 xx 000 0 und d
037 _aTextbook
040 _aFMSL
_beng
_cFMSL
041 _aeng
_2eng
084 _aX:8D L9
_qFMSL
100 _aSmith J L
_9738113
245 0 _aAccounting for ficial statement presentation
_cSmith J L; Keith R M
260 _aNew Delhi
_bNew Delhi, Tata McGraw-Hill
_c1979
300 _a672p
942 _cTB
_hX:8D L9
999 _c1275513
_d1275513